000 00811naa a2200325Ia 4500
999 _c3289
_d3289
001 4222
008 191123s9999 xx 000 0 und d
041 _aspa
044 _aag
100 _aCaride, Vicente P.,
245 0 _aPompeyo Audivert: grabados
260 _aBuenos Aires :
_bAnzilotti,
_c1963.
300 _a51 p.
_bilus. b/n
300 _app. 34-36
_bilus. b/n
490 0 _aCrítica de Arte, Argentina 1962-1963.
550 _ailus. b/n
650 _aARGENTINA
650 _aAUDIVERT, POMPEYO
650 _aCRITICAS
650 _aEXPOSICIONES
650 _aGRABADOS
710 _aAsociación Argentina de Críticos de Arte. Buenos Aires
902 _aM
903 _aa
904 _aam
907 _aImpreso
911 _ailus. b/n
942 _cANALITICA
_2ddc